00362nam a22001337a 450000500170000000800410001704100130005808200120007110000120008324500310009526000470012630000290017365000260020220240802080401.0240802b |||||||| |||| 00| 0 eng d aEnglish  a349 SOU lEnglish aSouth African Law Reports  aCape Town: bJuta and Company Ltd, c1940  bxi, 316 pages; c25 cm.  aLegal practice bLaw